000 02811nam a2200361 a 4500
001 000016096
003 DO-SdBNP
005 20180316101537.0
007 000016096
008 100225s2008 dr a 001 0 spa d
020 _a9789993425755
040 _aBPMSU
_bspa
_cBPMSU
092 _a658.154
_bS838p
100 1 _aSterling O., Fanny
245 1 0 _aDel presupuesto al plan anual de utilidades :
_bevolución de la presupuestación en los sistemas de planeamiento en las empresas /
_cFanny Sterling O. ; prólogo Paulo Herrera Maluf.
260 _aSanto Domingo, :
_bINTEC,
_c2008.
300 _a192 p. :
_bil. ;
_c23 cm.
500 _aIncluye datos biográficos de la autora en la solapa de la cubierta
504 _aBibliografía: p. 187-192
505 0 _tIntroducción --
_tEl contexto evolutivo de la presupuestación El paralelismo evolutivo de la administración como ciencia aplicada y el presupuesto --
_t El producto del pensamiento administrativo : las herramientas técnicas como instrumentos de trabajo de la gerencia --
_tDe las herramientas gerenciales de la sociedad industrial a las de la sociedad de la información --
_t Las técnicas y enfoques surgidos en la sociedad industrial 35 Las técnicas y enfoques de la sociedad de la información --
_t La evolución del presupuesto como herramienta gerencial : un caso de excepción Una evolución interesante del presupuesto de la sociedad industrial al plan anual de utilidades de la sociedad de la información --
_tEvolución de la presupuestación en los sistemas de planeamiento en las empresas --
_t Evolución del planeamiento en las organizaciones --
_t Las 5 etapas en la evolución del planeamiento en las organizaciones --
_t Etapa I (1910-193X) : presupuestos anuales --
_t Etapa II (194X-195X) : presupuestos y proyecciones a largo plazo --
_tEtapas III (1960-1965) y IV (1965-197X) : plan anual de utilidades, planeamiento estratégico y la estrategia --
_t Etapa V (1979-20XX)) : plan anual de utilidades y la administración estratégica --
_t Evolución de la presupuestación : síntesis valorativa --
_t Los trends de la presupuestación --
_tLa presupuestación y el plan anual de utilidades : una mirada prospectiva --
_tNecesidad de cambios en el proceso de presupuestación --
_tLa prospectiva.
650 4 _aPRESUPUESTO (EMPRESAS PRIVADAS)
650 4 _aADMINISTRACIÓN FINANCIERA
650 4 _aPRESUPUESTO
700 1 2 _aHerrera Maluf, Paulo
_epról.
710 2 2 _aInstituto Tecnológico de Santo Domingo
910 _aValidado. Control de calidad MFF
942 _2ddc
_cBK
945 _aInventariado, 2018 / BT
956 _aIGARCIA
_b10
_c20100312
_lBND01
_h0937
956 _aARIVERA
_b10
_c20110120
_lBND01
_h1400
956 _aMFILETO
_b40
_c20140519
_lBND01
_h0954
956 _aVMATEO
_b10
_c20150810
_lBPMSU
_h00151
999 _c8149
_d8149